000 00753nam a22002057a 4500
999 _c20320
_d20320
003 AR-CdUCM
008 190528b ||||| |||| 00| 0 spa d
040 _aMUNICIPALIDAD PROVINCIAL DEL CUSCO
_cBIBLIOTECA MUNICIPAL DEL CUSCO
082 _a301.61 /
_bP46
100 _aPescatello Compiladora, Ann
_942484
245 _aHembra y macho :
_bEn Latinoamerica ensayos /
260 _aMéxico :
_bDiana,
_c1977.
300 _a397 páginas ;
_c24 cm.
505 _aContenido : Imágenes y realidades de la vida femenina -- Las mujeres en la perspectiva histórica y contemporánea -- Marianismo...
650 _aMachismo
_911197
650 _aVida femenina
_942485
650 _aModernización de las mujeres
_942486
942 _2ddc
_cLIBROS
945 _arcc